Programming in C + + / (Record no. 39830)

MARC details
000 -LEADER
fixed length control field 00764nam a22002177a 4500
005 - DATE AND TIME OF LATEST TRANSACTION
control field 2010080609559.0
010 ## - LCCN (DPL NO)
LC control number ENG-98614
020 ## - INTERNATIONAL STANDARD BOOK NUMBER
International Standard Book Number 8190822985
Terms of availability 125.00
020 ## - INTERNATIONAL STANDARD BOOK NUMBER
International Standard Book Number 9788190822985
Terms of availability 125.00
035 ## - SYSTEM CONTROL NUMBER
System control number EN-82147
037 ## - SOURCE OF ACQUISITION
Source of stock number/acquisition DBAD/PUB
082 ## - DEWEY DECIMAL CLASSIFICATION NUMBER
Classification number 005.13
100 ## - MAIN ENTRY--PERSONAL NAME
Personal name Thamilselvi, S.
245 ## - TITLE STATEMENT
Title Programming in C + + /
Statement of responsibility, etc by S. Thamilselvi
260 ## - PUBLICATION, DISTRIBUTION, ETC. (IMPRINT)
Place of publication, distribution, etc Coimbatore
Name of publisher, distributor, etc IRIS Publications
Date of publication, distribution, etc 2009
270 ## - ADDRESS
Address 23 AKG Nagar 3rd Street Uppilipalayam Post
City Coimbatore
Postal code 641015
300 ## - PHYSICAL DESCRIPTION
Extent vii, 132p.:
Other physical details ill.
Dimensions 24cm (pbk)
500 ## - GENERAL NOTE
General note Includes index
942 ## - ADDED ENTRY ELEMENTS (KOHA)
Source of classification or shelving scheme Dewey Decimal Classification
Item type English Books
Classification part 005.13
Call number suffix THA
Holdings
Withdrawn status Lost status Not for loan Collection code Home library Current library Date acquired Source of acquisition Cost, normal purchase price Full call number Barcode Copy number Cost, replacement price Koha item type
    Not For Loan Non-fiction D.B.Act.Division D.B.Act.Division 06/08/2010 DBAD/PUB 125.00 005.13 THA EN-82147 1 125.00 English Books

© Delhi Public Library
Hit Counter
free hit counter